000 nam a22 7a 4500
999 _c8926
_d8926
008 180120b ||||| |||| 00| 0 eng d
100 _aRamachandran.K.etal.
_95241
245 _aComposite Mathematics
260 _aNew Delhi
_bArya
_c2009